| 000 | 00986nam a2200217 a 4500 | ||
|---|---|---|---|
| 001 | 000906981 | ||
| 003 | AM-YeHGA | ||
| 005 | 20250617145531.0 | ||
| 008 | 120719s1982 ru r 000 0 rus d | ||
| 040 | _aAM-YeHGA | ||
| 041 | 0 | _arus | |
| 245 | 0 | 0 |
_aСовершенствование техники и технологии переработки минерального сырья / _cАН СССР Ин-т проблем комплексного освоения недр ; Отв. ред. Б.Н. Ласкорин. |
| 260 |
_aМосква : _bБ. и., _c1982. |
||
| 300 |
_a218 с. : _bил. |
||
| 504 | _aБиблиогр. в конце ст. | ||
| 653 | 0 | _aМинеральное сырье - Технологические свойства | |
| 700 | 1 |
_aЛаскорин, Б.Н _eред. _4edt |
|
| 710 | 2 | _aАкадемия наук СССР | |
| 710 | 2 | _aИнститут проблем комплексного освоения недр АН СССР | |
| 090 | _c315471 | ||
| 999 |
_c313751 _d313751 |
||